banner-ar

علم الفلك الراديوى (اللاسلكى) / (Record no. 43856)

MARC details
000 -الفاتح
حقل البيانات ثابتة الطول 00639nam a2200193Ia 4500
008 - عناصر البيانات ثابتة الطول - معلومات عامة
حقل البيانات ثابتة الطول 140319s9999 xx 000 0 ara d
040 ## - مصدر الفهرسة
وكالة الفهرسة الأصلية GCL /
وكالة النسخ GCL
082 04 - رقم تصنيف ديوى العشرى
رقم التصنيف 621.384
رقم المادة س ع
100 1# - المدخل الرئيسى - إسم شخصى
الإسم الشخصى سميث، ف جراهام
245 10 - بيان العنوان
العنوان علم الفلك الراديوى (اللاسلكى) /
بيان المسئوليه,etc سميث، ف جراهام
700 1# - المدخل الاضافى - اسم شخصى
الإسم الشخصى حسن احمد احمد العشماوى (مترجم)
700 1# - المدخل الاضافى - اسم شخصى
الإسم الشخصى محمد رضا مدور (مراجع)
300 ## - الوصف المادى
التعداد 406
490 ## - بيان السلسلة
عنوان السلسلة الالف كتاب
رقم المجلد/ التعيين التسلسلي 0
650 04 - المدخل الاضافى بالموضوع-مصطلح موضوعى
مصطلح موضوعي اللاسلكى
650 04 - المدخل الاضافى بالموضوع-مصطلح موضوعى
مصطلح موضوعي الاتصالات السلكية واللاسلكية
942 ## - عناصر المدخل الإضافي( كوها)
مصدر التصنيف او مخطط الترفيف Dewey Decimal Classification
Koha [default] item type كتاب
Holdings
حالة التراجع حالة الفقد حالة تلف ليس للاعارة المكان المؤقت الموقع الحالى تاريخ الاكتساب اجمالي اﻻعارات رقم الطلب الباركود تاريخ اخر مشاهدة تاريخ تفعيل السعر نوع وعاء كوها
        مكتبة القاهرة الكبرى مكتبة القاهرة الكبرى 03/26/2014   621.384\س ع 106325 03/26/2014 03/26/2014 كتاب

Powered By

EGPV